Normal view
MARC view
Entry Personal Name
001 - CONTROL NUMBER
- control field: 14911
003 - CONTROL NUMBER IDENTIFIER
- control field: OSt
005 - DATE AND TIME OF LATEST TRANSACTION
- control field: 20191014132749.0
008 - FIXED-LENGTH DATA ELEMENTS
- fixed length control field: 191014|| aca||aabn | a|a d
040 ## - CATALOGING SOURCE
- Original cataloging agency: OSt
- Transcribing agency: OSt
100 ## - HEADING--PERSONAL NAME
- Personal name: Serena, Valentino.
670 ## - SOURCE DATA FOUND
- Source citation: Work cat.: (OSt)25884: Serena, Valentino., The beast within : a tale of beauty's prince /, 2018.